1677 1537 1884 1296 1778 1264 1691 1524 1712 1371 1642 1374 1987 1490 1577 1741 1456 1174 1648 1397 1011 1122 1622 1252 1316 1285 1297 1467 1648 1895 1090 1479 1914 1888 1125 1986 1946 1840 1755 1903 1716 1027 1847 1296 1452 1720 1827 1090 1853 1301 1262 1114 1395 1776 1046 1220 1865 1775 1743 1205 1262 1738 1123 1829 1806 1954 1416 1275 1022 1961 1729 1832 1429 1304 1677 1366 1434 1028 1934 1534 1988 1808 1556 1214 1133 1647 1355 1455 1084 1956 1268 1701 1426 1261 1586 1099 1283 1977 1989 BCNSPRNW ULIB Ver.6.0+V

เปลี่ยนเป็นภาษาไทย

Change to English
 แสดงรายละเอียดบรรณานุกรม
  กลับหน้าหลัก

Brief Record : Get Marc (ISO 2709) : E-mail record : QR code < ปิดหน้าต่าง
LEADER : 00000nam 2200000uu 4500
001    13399123174
003     ULIB
008    140520s2549||||th 000 0 tha d
020    ^a9789749476433
090    ^aนว.^bร387ล
100 0  ^aรัมย์
245 00 ^aลิขิตหัวใจในสวนรัก/^cรัมย์
250    ^aพิมพ์ครั้งที่ 1
260    ^aกรุงเทพฯ :^b1168 พับลิชชิ่ง,^c2549
300    ^a364 หน้า
710 1  ^a1168 พับลิชชิ่ง
945    ^p219^l0^i20322
995    ^aทศพร
999    ^aทศพร เกษรทอง
รายการนี้ยังไม่มีแท็ก
คุณยังไม่ได้ล็อกอิน คุณสามารถมีกิจกรรมร่วมกับเว็บไซต์ได้ แต่ต้องล็อกอินก่อน ::
  ล็อกอิน

รายการสื่อสารสนเทศ

ลำดับที่ ประเภท เลขเรียก/บาร์โค้ด สถานที่ สถานะ
1. นวนิยาย
นวนิยาย
นว. ร387ล ฉ.1 
  Barcode: 20322
ห้องสมุดวิทยาเขตนครสวรรค์
►นวนิยาย:l:Fiction
บนชั้น

รายการใกล้เคียง
    ผู้แต่ง [รัมย์]

BibComment


ยังไม่เคยถูกคอมเมนท์

คอมเมนท์ทรัพยากรรายการนี้
  คอมเมนท์: ลิขิตหัวใจในสวนร..


 Copyright 2026. Bcnsprnw @Library